[Event "Weymouth Minor op"]
[Site "Weymouth"]
[Date "2008.10.24"]
[Round "1"]
[White "Dicker, Nigel"]
[Black "Davenport, Robert"]
[Result "1/2-1/2"]
[WhiteElo "1576"]
[BlackElo "1464"]
[PlyCount "87"]
[EventDate "2008.10.24"]
[EventType "swiss"]
[EventRounds "5"]
[EventCountry "ENG"]
[SourceTitle "EXT 2011"]
[Source "ChessBase"]
[SourceDate "2010.11.26"]
[SourceVersion "1"]
[SourceVersionDate "2010.11.26"]
[SourceQuality "1"]

1. d4 Nc6 2. f4 d5 3. e3 Bf5 4. Nf3 Nb4 5. Na3 e6 6. c3 Nc6 7. Nc2 a6 8. Be2 Bd6 9. 0-0 f6 10. c4 Qd7 11. c5 Be7 12. Bd2 Nh6 13. Nh4 Be4 14. Be1 Nf7 15. Bd3 f5 16. Nf3 Bxd3 17. Qxd3 g5 18. Ne5 Nfxe5 19. fxe5 g4 20. b4 Bg5 21. Bg3 h5 22. Bf4 Be7 23. Rfb1 Kf7 24. a4 h4 25. b5 Na5 26. bxa6 bxa6 27. Nb4 Nc4 28. h3 gxh3 29. gxh3 Rhg8+ 30. Kf2 Rg7 31. c6 Qe8 32. Rg1 Rxg1 33. Rxg1 Bxb4 34. Qe2 Qh8 35. Rg5 Nd2 36. Rh5 Ne4+ 37. Kf1 Qg7 38. Rxh4 Rg8 39. Qh5+ Ke7 40. Qh7 Qxh7 41. Rxh7+ Kd8 42. h4 Ba5 43. Rh6 Ke7 44. Rh7+ 1/2-1/2